| 000 | 00493nam a2200133Ia 4500 | ||
|---|---|---|---|
| 008 | 170516s9999 xx 000 0 und d | ||
| 245 | _a How accurate is ultrasound of the optic nerve sheath diameter performed by inexperienced operators to exclude raised intracranial pressure? | ||
| 260 | _bSouth African Journal of Radiology | ||
| 260 | _c2015 | ||
| 300 | _a19:1 | ||
| 650 | _xRadiologic Technology | ||
| 650 | _xRadtech | ||
| 856 | _uhttp://www.sajr.org.za/index.php/sajr/issue/view/52 | ||
| 999 |
_c332039 _d332039 |
||